Stephanie Beatriz Quiz - Statistics

General Stats
  • This quiz has been taken 2 times
  • The average score is 2 of 15
Answer Stats
Hint Answer % Correct
The year she was born 1981
100%
What does she have a tattoo of Her dog
50%
Which co-star of Brooklyn 99 does she have a podcast with Melissa Fumero
50%
When did she get married 2018
0%
Why does she sometimes miss her marks on camera Astigmatism
0%
Her 2 other surnames (parternal and maternal surname) Bischoff and Alvizuri
0%
What’s her sexuality Bisexual
0%
What is her husbands name Brad
0%
What was the name of her Highschool Clear Brook
0%
The name of the musical she was in written by Lin-Manuel Miranda In the heights
0%
The city she was born in Neuquén
0%
The character she played in Brooklyn 99 Rosa Diaz
0%
Her daughters name Rosaline
0%
What college did she go to Stephens College
0%
The name of the movie she was in about sexual assault The light of the moon
0%
No matching quizzes found
Score Distribution
Percent of People with Each Score
Percentile by Number Answered
Your Score History
You have not taken this quiz